[Event "Province VR 80th"]
[Site "Zevio Verona"]
[Date "2020.01.26"]
[Round "5.16"]
[White "Prealta, Fiorenzo"]
[Black "Pompele, Andrea"]
[Result "0-1"]
[WhiteElo "1139"]
[BlackElo "1456"]
[PlyCount "114"]
[EventDate "2020.01.24"]
[EventType "swiss"]
[EventRounds "5"]
[EventCountry "ITA"]
[SourceTitle "EXT 2024"]
[Source "ChessBase"]
[SourceDate "2023.10.10"]
[SourceVersion "1"]
[SourceVersionDate "2023.10.10"]
[SourceQuality "1"]

1. d4 d5 2. c4 e5 3. dxe5 dxc4 4. Qxd8+ Kxd8 5. Nc3 Nc6 6. Nf3 Nb4 7. Kd2 Be6 8. a3 Na6 9. e4 Nc5 10. Nd4 Nb3+ 11. Nxb3 cxb3 12. Be2 Bc5 13. f4 Ke8 14. Ke1 Ne7 15. f5 Bd7 16. Nd5 Nxd5 17. exd5 Bxf5 18. Bc4 Bc2 19. Bf4 a6 20. a4 Bd4 21. Bc1 Bxe5 22. Kd2 Kd7 23. Bd3 Bxd3 24. Kxd3 b5 25. Ra3 bxa4 26. Rxa4 Rhb8 27. Kc4 a5 28. h3 Bd6 29. Bd2 Be5 30. Rb1 c6 31. dxc6+ Kxc6 32. Rxa5 Rxa5 33. Bxa5 Rb5 34. Bc3 Bxc3 35. Kxc3 Rb7 36. Re1 Kd6 37. Re3 f5 38. g3 g5 39. Kc4 f4 40. gxf4 gxf4 41. Rf3 Ke5 42. Kd3 Rc7 43. Rf2 Rc2 44. Rxc2 bxc2 45. Kxc2 Ke4 46. Kd2 Kf3 47. b4 Kg2 48. b5 f3 49. b6 f2 50. b7 f1Q 51. b8Q Qf2+ 52. Kd1 Qf3+ 53. Kc2 Qf2+ 54. Kd1 Kxh3 55. Qc8+ Kh4 56. Qc7 Qf3+ 57. Kd2 Qf2+ 0-1

[Event "Chioggia op-B 14th"]
[Site "Chioggia"]
[Date "2019.10.06"]
[Round "5"]
[White "Sottroi, Carlo"]
[Black "Pompele, Andrea"]
[Result "1-0"]
[WhiteElo "1717"]
[BlackElo "1453"]
[PlyCount "49"]
[EventDate "2019.10.04"]
[EventType "swiss"]
[EventRounds "5"]
[EventCountry "ITA"]
[SourceTitle "EXT 2022"]
[Source "ChessBase"]
[SourceDate "2021.10.06"]
[SourceVersion "1"]
[SourceVersionDate "2021.10.06"]
[SourceQuality "1"]

1. e4 e5 2. f4 exf4 3. Nf3 g5 4. d4 d6 5. Bc4 Nc6 6. c3 g4 7. Bxf4 gxf3 8. Qxf3 Qh4+ 9. g3 Bg4 10. Qf2 Qh5 11. Nd2 Bh6 12. h3 Bxf4 13. Qxf4 Nh6 14. Kf2 Bxh3 15. Raf1 0-0-0 16. Ke1 Rhg8 17. Be2 Ng4 18. Nc4 Rde8 19. Ne3 f5 20. Nxf5 Ref8 21. Rf2 Rxf5 22. exf5 Re8 23. Kd2 Re4 24. Qxe4 Nxf2 25. Qe6+ 1-0